00754nam a22002057a 450000500170000001000130001702000230003002000260005303500130007903700120009208200110010410000190011524500870013426000470022130000320026850400660030065000660036665000500043285600660048220060719225136.0 aB-442803 a0195679032c295.00 a9780195679038c295.00 aB-442803 bRBC/Ven a883.081 aKhair, Tabish.10aBabu fictions :balienation in contemporary Indian English novels /cTabish Khair. aNew Delhi bOxford University Press,c2011 axvi, 407 p. ;c22 cm. (pbk) aIncludes bibliographical references (p. [376]-393) and index. 0aIndic fiction (English)y20th centuryxHistory and criticism. 0aAlienation (Social psychology) in literature.42uhttp://www.loc.gov/catdir/enhancements/fy0608/00440273-d.html